How to ride a dragon's storm : (Record no. 522)

MARC details
000 -LEADER
fixed length control field 01173cam a2200313 a 4500
005 - DATE AND TIME OF LATEST TRANSACTION
control field 20231211142818.0
020 ## - INTERNATIONAL STANDARD BOOK NUMBER
International Standard Book Number 9780316079167
040 ## - CATALOGING SOURCE
Original cataloging agency DLC
Transcribing agency DLC
Modifying agency DLC
-- FISKH
Language of cataloging eng
050 00 - LIBRARY OF CONGRESS CALL NUMBER
Classification number PZ7.C83535
Item number Hmr 2010
082 00 - DEWEY DECIMAL CLASSIFICATION NUMBER
Classification number 823.92
Edition number 22
100 1# - MAIN ENTRY--PERSONAL NAME
Personal name Cowell, Cressida.
245 10 - TITLE STATEMENT
Title How to ride a dragon's storm :
Remainder of title the heroic misadventures of Hiccup the Viking /
Statement of responsibility, etc. as told to Cressida Cowell.
246 30 - VARYING FORM OF TITLE
Title proper/short title Heroic misadventures of Hiccup the Viking
250 ## - EDITION STATEMENT
Edition statement 1st U.S. ed.
260 ## - PUBLICATION, DISTRIBUTION, ETC.
Place of publication, distribution, etc. New York :
Name of publisher, distributor, etc. Little, Brown,
Date of publication, distribution, etc. 2010.
300 ## - PHYSICAL DESCRIPTION
Extent 254 pages :
Other physical details illustrations, maps ;
Dimensions 20 cm.
490 0# - SERIES STATEMENT
Series statement How to train your dragon ;
Volume/sequential designation bk. 7
505 ## - FORMATTED CONTENTS NOTE
Formatted contents note X
520 ## - SUMMARY, ETC.
Summary, etc. Hiccup, the reluctant Viking hero, has three months, five days, and six hours to discover America, return to Berk, save his father, battle Polarserpents, and win the annual Inter-Tribal Friendly Swimming Race.
521 ## - TARGET AUDIENCE NOTE
Target audience note 1040 <br/>
Source Lexile
521 ## - TARGET AUDIENCE NOTE
Target audience note X <br/>
Source Raz-Plus
650 #0 - SUBJECT ADDED ENTRY--TOPICAL TERM
Topical term or geographic name entry element Vikings
Form subdivision Juvenile fiction.
650 #1 - SUBJECT ADDED ENTRY--TOPICAL TERM
Topical term or geographic name entry element Vikings
Form subdivision Fiction.
650 #1 - SUBJECT ADDED ENTRY--TOPICAL TERM
Topical term or geographic name entry element Dragons
Form subdivision Fiction.
650 #1 - SUBJECT ADDED ENTRY--TOPICAL TERM
Topical term or geographic name entry element Humorous stories.
906 ## - LOCAL DATA ELEMENT F, LDF (RLIN)
a 7
b cbc
c orignew
d 1
e ecip
f 20
g y-gencatlg
942 ## - ADDED ENTRY ELEMENTS (KOHA)
Source of classification or shelving scheme Dewey Decimal Classification
Koha item type Books
Suppress in OPAC No
999 ## -
-- 522
-- 522
Holdings
Withdrawn status Lost status Source of classification or shelving scheme Damaged status Not for loan Collection Home library Current library Shelving location Date acquired Total Checkouts Full call number Barcode Date last seen Date last checked out Price effective from Koha item type
    Dewey Decimal Classification     Fiction Footprints International School Library Network Toul Kork Campus Footprints International School Library Network Toul Kork Campus   05/16/2023 1 COW 813.6 PZ7.C83535 FISTK05004 08/15/2025 04/08/2025 05/16/2023 Books